000 00472nam a22001697a 4500
003 DO-SdBNP
005 20180126112506.0
008 160916b 1964 mx||||| |||| 00| 0 spa d
040 _aBPMSU
_bspa
_cBPMSU
100 _aHeilbroner, Robert L.
245 1 3 _aEl gran ascenso /
_bRobert L. Heilbroner
260 _aMéxico :
_bFondo de Cultura Económica
_c1964
300 _a124 p. :
_b21 cm
942 _2ddc
_cBK
945 _aInventariado, 2018/MFF
956 _adgarcia
999 _c11421
_d11421